Fußball Vereine aus Sachsen - Statistiken

Allgemein
  • Dieses Quiz wurde 64 mal gespielt
  • Das Durchschnittsergebnis liegt bei 6 aus 8
Antwortstatistiken
Liga Verein % Korrekt
2B Dynamo Dresden
98%
B RB Leipzig
98%
RL Chemnitz
85%
RL Lokomotive Leipzig
83%
3L Erzgebirge Aue
80%
RL Chemie Leipzig
76%
RL Zwickau
76%
RL Eilenburg
39%
Keine übereinstimmenden Quizze gefunden
Verteilung der Resultate
Anzahl Personen mit jedem Resultat
Perzentil nach korrekt beantworteten Fragen
Ihre Resultats-Entwicklung
Sie haben dieses Quiz noch nicht gespielt